000
00251nam a22001097a 4500
082
_a
621.3813 CLA'M
100
_a
CLARICOATS, P. J. B
_9
78534
245
_a
MICROWAVE FERIRTES
260
_a
LONDON
_b
CHAPMAN & HALL
_c
1961
300
_a
260P
942
_c
BK
999
_c
583644
_d
583644